000
00262nam a2200109Ia 4500
008
220204s9999 xx 000 0 und d
082
_a
82-3
_b
KAS
100
_a
Kastle, Herbert
245
4
_a
The World they wanted
260
_a
Herts
_b
Mayflower
_c
1975
942
_c
BK
999
_c
32911
_d
32911